000
00267nam a22001217a 4500
008
181226b xxu||||| |||| 00| 0 eng d
041
_a
eng
080
_a
316
100
_a
50
101
_a
SOC
245
_a
Small Town in Mass Society
_c
Vidich, A.J
942
_2
udc
_c
BK
999
_c
53804
_d
53804